Robbins Cotran and Kumar pathologic basis of disease, Vol. 2 / (Record no. 52528)
[ view plain ]
| 000 -LEADER | |
|---|---|
| fixed length control field | 00667nam a2200253Ia 4500 |
| 005 - DATE AND TIME OF LATEST TRANSACTION | |
| control field | 20260429112132.0 |
| 008 - FIXED-LENGTH DATA ELEMENTS--GENERAL INFORMATION | |
| fixed length control field | 260429s9999||||xx |||||||||||||| ||und|| |
| 020 ## - INTERNATIONAL STANDARD BOOK NUMBER | |
| International Standard Book Number | 9788131273562 |
| 041 ## - LANGUAGE CODE | |
| Language | English |
| 082 ## - DEWEY DECIMAL CLASSIFICATION NUMBER | |
| Classification number | 616.07 |
| Item number | AST |
| 100 ## - MAIN ENTRY--PERSONAL NAME | |
| Personal name | Aster, Jon C. |
| 245 #0 - TITLE STATEMENT | |
| Title | Robbins Cotran and Kumar pathologic basis of disease, Vol. 2 / |
| Statement of responsibility, etc | Jon C. Aster |
| 250 ## - EDITION STATEMENT | |
| Edition statement | 11th ed. |
| 260 ## - PUBLICATION, DISTRIBUTION, ETC. (IMPRINT) | |
| Place of publication, distribution, etc | Amsterdam : |
| Name of publisher, distributor, etc | Elsevier, |
| Date of publication, distribution, etc | 2026. |
| 300 ## - PHYSICAL DESCRIPTION | |
| Extent | xix, 609 p.; pbk |
| 440 ## - SERIES STATEMENT/ADDED ENTRY--TITLE | |
| Volume number/sequential designation | Vol. 2 |
| 650 ## - SUBJECT ADDED ENTRY--TOPICAL TERM | |
| Topical term or geographic name as entry element | Disease |
| 650 ## - SUBJECT ADDED ENTRY--TOPICAL TERM | |
| Topical term or geographic name as entry element | Pathology |
| 700 ## - ADDED ENTRY--PERSONAL NAME | |
| Personal name | Abbas, Abul K. |
| 700 ## - ADDED ENTRY--PERSONAL NAME | |
| Personal name | Das, Abhijit |
| 700 ## - ADDED ENTRY--PERSONAL NAME | |
| Personal name | debnath, Jayanta |
| 700 ## - ADDED ENTRY--PERSONAL NAME | |
| Personal name | Kumar, Vinay |
| 942 ## - ADDED ENTRY ELEMENTS (KOHA) | |
| Koha item type | Text Books |
| Withdrawn status | Lost status | Damaged status | Not for loan | Collection code | Home library | Location | Shelving location | Date of Cataloging | Source of acquisition | Total Checkouts | Full call number | Barcode | Date last seen | Price effective from | Koha item type |
|---|---|---|---|---|---|---|---|---|---|---|---|---|---|---|---|
| Non-fiction | CUTN Central Library | CUTN Central Library | Medicine, Technology & Management | 29/04/2026 | TBH Library Book Suppliers, Chennai - Invoice No. SINV00732 on 09-02-2026 | 616.07 AST | 57627 | 29/04/2026 | 29/04/2026 | Text Books |
